Cold-formed steel design /

The definitive text in the field, thoroughly updated and expanded. Hailed by professionals around the world as the definitive text on the subject, Cold-Formed Steel Design is an indispensable resource for all who design for and work with cold-formed steel. No other book provides such exhaustive cove...

Full description

Bibliographic Details
Main Author: Yu, Wei-wen, 1924-
Other Authors: LaBoube, Roger A.
Format: eBook
Language:English
Published: Hoboken, N.J. : Wiley, [2010]
Edition:4th ed.
Series:Wiley online library.
Subjects:
Online Access:Connect to the full text of this electronic book

MARC

Tag First Indicator Second Indicator Subfields
LEADER 00000cam a2200000Ka 4500
001 in00002648639
005 20210727155442.0
006 m d
007 cr cn|
008 100910s2010 njua ob 001 0 eng d
019 |a 667822808  |a 671741291  |a 680623288  |a 712993047  |a 753276570  |a 765135320 
020 |a 0470919744 (electronic bk.) 
020 |a 1613448783 (electronic bk.) 
020 |a 9780470743 (electronic bk.) 
020 |a 9780470751 (electronic bk.) 
020 |a 978047076X (electronic bk.) 
020 |a 9780470919743 (electronic bk.) 
020 |a 9781613448786 (electronic bk.) 
020 |a 9789780470746 (electronic bk.) 
020 |a 9789780470753 (electronic bk.) 
020 |a 9789780470760 (electronic bk.) 
020 |z 0470462450 
020 |z 0470949821 
020 |z 9780470462454 
020 |z 9780470750 (electronic bk.) 
020 |z 9780470767 (electronic bk.) 
020 |z 9780470949825 
020 |z 9789780470753 (electronic bk.) 
020 |z 9789780470760 (electronic bk.) 
024 7 |a 10.1002/9780470949825  |2 doi 
024 8 |a 9786612773709 
029 1 |a AU@  |b 000046755870 
029 1 |a HEBIS  |b 299814386 
029 1 |a NZ1  |b 13646994 
029 1 |a NZ1  |b 14255535 
035 |a (OCoLC)663449126 
035 |a (OCoLC)663449126  |z (OCoLC)667822808  |z (OCoLC)671741291  |z (OCoLC)680623288  |z (OCoLC)712993047  |z (OCoLC)753276570  |z (OCoLC)765135320 
035 |a (OCoLC)ocn663449126 
035 |a 3848277 
037 |a 10.1002/9780470949825  |b Wiley InterScience  |n http://www3.interscience.wiley.com 
040 |a DG1  |b eng  |c DG1  |d YDXCP  |d CDX  |d EBLCP  |d DG1  |d OCLCQ  |d E7B  |d OCLCQ  |d COO  |d QE2  |d B24X7  |d OCLCQ  |d MERUC  |d OCLCQ  |d KNOVL  |d UtOrBLW 
049 |a TXAM 
050 4 |a TA684  |b .Y787 2010 
082 0 4 |a 624.1/821  |2 22 
100 1 |a Yu, Wei-wen,  |d 1924-  |0 http://id.loc.gov/authorities/names/n83829307 
245 1 0 |a Cold-formed steel design /  |c Wei-Wen Yu, Roger A. LaBoube. 
250 |a 4th ed. 
264 1 |a Hoboken, N.J. :  |b Wiley,  |c [2010] 
264 4 |c ©2010 
300 |a 1 online resource (xi, 491 pages) :  |b illustrations 
336 |a text  |b txt  |2 rdacontent 
337 |a computer  |b c  |2 rdamedia 
338 |a online resource  |b cr  |2 rdacarrier 
500 |a Electronic resource. 
504 |a Includes bibliographical references and index. 
505 0 |a Materials Used in Cold-Formed Steel Construction -- Strength of Thin Elements and Design Criteria -- Flexural Members -- Compression Members -- Combined Axial Load and Bending -- Closed Cylindrical Tubular Members -- Connections -- Shear Diaphragms and Roof Structures -- Corrugated Sheets -- Composite Design -- Introduction to Stainless Steel Design -- Light-Frame Construction -- Computer-Aided Design -- Direct-Strength Method -- Appendix A: Thickness of Base Metal -- Appendix B: Torsion -- Appendix C: Formulas for Computing Cross-Sectional Property -- Appendix D: Definitions of Terms -- Nomenclature -- Acronyms and Abbreviations -- Conversion Table. 
520 |a The definitive text in the field, thoroughly updated and expanded. Hailed by professionals around the world as the definitive text on the subject, Cold-Formed Steel Design is an indispensable resource for all who design for and work with cold-formed steel. No other book provides such exhaustive coverage of both the theory and practice of cold-formed steel construction. Updated and expanded to reflect all the important developments that have occurred in the field over the past decade, this Third Edition of the classic text provides you with more of the detailed, up-to-the-minute technical infor. 
588 |a Description based on print version record. 
650 0 |a Building, Iron and steel.  |0 http://id.loc.gov/authorities/subjects/sh85017713 
650 0 |a Sheet-steel.  |0 http://id.loc.gov/authorities/subjects/sh85121255 
650 0 |a Steel  |x Cold working.  |0 http://id.loc.gov/authorities/subjects/sh85127753 
650 0 |a Thin-walled structures.  |0 http://id.loc.gov/authorities/subjects/sh85134872 
650 4 |a Civil engineering. 
650 4 |a Cold working. 
650 4 |a Engineering. 
650 4 |a Steel. 
655 7 |a Electronic books.  |2 local 
700 1 |a LaBoube, Roger A.  |0 http://id.loc.gov/authorities/names/n2010011278 
776 0 8 |i Print version:  |a Yu, Wei-wen, 1924-  |t Cold-formed steel design.  |b 4th ed.  |d Hoboken, N.J. : Wiley, c2010  |z 9780470462454  |w (DLC) 2010005153  |w (OCoLC)537308666 
830 0 |a Wiley online library. 
856 4 0 |u http://proxy.library.tamu.edu/login?url=https://dx.doi.org/10.1002/9780470949825  |z Connect to the full text of this electronic book  |t 0 
994 |a 92  |b TXA 
999 |a MARS 
999 f f |s 7f1de655-9ece-3ec9-9407-3d20435669d2  |i 779e560d-7cd5-3dd1-bf47-c4eb5260f35d  |t 0 
952 f f |a Texas A&M University  |b College Station  |c Electronic Resources  |d Available Online  |t 0  |e TA684 .Y787 2010  |h Library of Congress classification 
998 f f |a TA684 .Y787 2010  |t 0  |l Available Online